| 000 | 00742cab a2200241 4500 | ||
|---|---|---|---|
| 001 | WB2826-35 | ||
| 008 | 090401t1992 xxu||||| |||| 00| 0 eng d | ||
| 035 | _a(Sirsi) u49554 | ||
| 041 | _aeng | ||
| 245 | _aMine of information needed | ||
| 260 | _c1992 | ||
| 350 | _a0 | ||
| 490 |
_aSunday Telegraph _v28 June 1992, 10-11(2) |
||
| 520 | _aLooks at the threat to houses in Cornwall from disused coal and tin mines following the collapse of a backgarden in the Cornish village of Gunnislake. (See also WB2825-27). | ||
| 650 | _aCORNWALL | ||
| 650 | _aDISUSED MINESHAFTS | ||
| 650 | _aGROUND MOVEMENT | ||
| 650 | _aMINING SUBSIDENCE | ||
| 650 | _aTIN MINES | ||
| 690 | _aMINING AND MINERALS | ||
| 942 | _n0 | ||
| 948 | _c04/03/1997 | ||
| 999 |
_c31018 _d31018 |
||